000 01003nam a2200253Ia 4500
003 OSt
005 20220930065959.0
006 a|||||r|||| 00| 0
007 ta
008 220926b |||||||| |||| 00| 0 eng d
024 _a6345
037 _cTheses
040 _aCRL
_cCRL
_beng
041 _2eng
_aeng
100 _aRathore P R S
_9526611
110 _aUniversity of Delhi. National Institute of Health and Family Welfare. Department of Medical Care and Hospital Administration
_9523836
245 0 _aStudy of work load in a pediatric unit of a large general hospital to evolve the staffing requirements and norms of medical officers
260 _c1981
650 _aHOSPITALS - ADMINISTRATION
_9523837
700 _a Dr T R Anand Supervisor
_9523838
700 _aUniversity of Delhi. National Institute of Health and Family Welfare. Department of Medical Care and Hospital Administration
_9523839
942 _cDIS
_2CC
999 _c860267
_d860267